000 00738nam a2200205Ii 4500
003 JO-AjNU
008 230605s9999||||xx |||||||||||||| ||und||
040 _aJO-AjNU
_bara
_erda
_cJO-AjNU
041 _aara
050 1 4 _aBP130.4 1992
100 3 _aاعداد محمد، أسماء أبو بكر,
_eauthor
_918830
245 0 0 _aشخصية عمر بن الخطاب من خلال التفسير القرآني المأثور عنه
250 _aط1
264 3 1 _aبيروت: دار الكتب العلمية، 1992
300 _a144ص
336 _atext
_btxt
_2rdacontent
337 _aunmediated
_bn
_2rdamedia
338 _avolume
_bnc
_2rdacarrier
650 4 _aالقرآن الكريم - تفسير - عمر بن الخطاب
_918831
999 _aA6096
_c9664
_d9664